000 00321nam a2200109Ia 4500
008 171211s9999 xx 000 0 und d
245 _aExperimental Film and Video: An Anthology
245 _cJackie Hatfield and Stephen Littman
260 _c2006
650 _xART
856 _uhttp://down.ebook777.com/063/0861966643.pdf
999 _c348543
_d348543